<?xml version="1.0" encoding="UTF-8"?>
<record
    xmlns:xsi="http://www.w3.org/2001/XMLSchema-instance"
    xsi:schemaLocation="http://www.loc.gov/MARC21/slim http://www.loc.gov/standards/marcxml/schema/MARC21slim.xsd"
    xmlns="http://www.loc.gov/MARC21/slim">

  <leader>00878cam a2200265 a 4500</leader>
  <controlfield tag="001">k  61000505 </controlfield>
  <controlfield tag="003">DLC</controlfield>
  <controlfield tag="005">20260227111524.0</controlfield>
  <controlfield tag="008">000927s1959    ko            000 0 kor c</controlfield>
  <datafield tag="010" ind1=" " ind2=" ">
    <subfield code="a">k  61000505 </subfield>
  </datafield>
  <datafield tag="035" ind1=" " ind2=" ">
    <subfield code="a">(CStRLIN)DCLP00-B12458</subfield>
  </datafield>
  <datafield tag="040" ind1=" " ind2=" ">
    <subfield code="a">Harvard Univ. Chinese-Japanese Library</subfield>
    <subfield code="c">YNH</subfield>
    <subfield code="d">DLC-R</subfield>
    <subfield code="d">DLC</subfield>
  </datafield>
  <datafield tag="043" ind1=" " ind2=" ">
    <subfield code="a">a-kr---</subfield>
  </datafield>
  <datafield tag="050" ind1="0" ind2="0">
    <subfield code="a">PL959.K472</subfield>
    <subfield code="b">S24 1959</subfield>
  </datafield>
  <datafield tag="066" ind1=" " ind2=" ">
    <subfield code="c">$1</subfield>
  </datafield>
  <datafield tag="100" ind1="1" ind2=" ">
    <subfield code="6">880-01</subfield>
    <subfield code="a">Kim, Kyu-dong,</subfield>
    <subfield code="d">1923-</subfield>
  </datafield>
  <datafield tag="245" ind1="1" ind2="0">
    <subfield code="6">880-02</subfield>
    <subfield code="a">Saeroun siron /</subfield>
    <subfield code="c">Kim Kyu-dong ch&#x14F;.</subfield>
  </datafield>
  <datafield tag="260" ind1=" " ind2=" ">
    <subfield code="6">880-03</subfield>
    <subfield code="a">[Seoul] :</subfield>
    <subfield code="b">Sanhojang,</subfield>
    <subfield code="c">Tan&#x2BC;gi 4292 [1959]</subfield>
  </datafield>
  <datafield tag="300" ind1=" " ind2=" ">
    <subfield code="a">192 p. ;</subfield>
    <subfield code="c">18 cm.</subfield>
  </datafield>
  <datafield tag="500" ind1=" " ind2=" ">
    <subfield code="a">Colophon inserted.</subfield>
  </datafield>
  <datafield tag="650" ind1=" " ind2="0">
    <subfield code="a">Korean poetry</subfield>
    <subfield code="x">History and criticism.</subfield>
  </datafield>
  <datafield tag="880" ind1="1" ind2=" ">
    <subfield code="6">100-01/$1</subfield>
    <subfield code="a">&#x91D1;&#x3000;&#x594E;&#x6771;,</subfield>
    <subfield code="d">1923-</subfield>
  </datafield>
  <datafield tag="880" ind1="1" ind2="0">
    <subfield code="6">245-02/$1</subfield>
    <subfield code="a">&#xC0C8;&#xB85C;&#xC6B4;&#x3000;&#x8A69;&#x8AD6; /</subfield>
    <subfield code="c">&#x91D1;&#x3000;&#x594E;&#x6771;&#x3000;&#x8457;.</subfield>
  </datafield>
  <datafield tag="880" ind1=" " ind2=" ">
    <subfield code="6">260-03/$1</subfield>
    <subfield code="a">[Seoul] :</subfield>
    <subfield code="b">&#x73CA;&#x745A;&#x838A;,</subfield>
    <subfield code="c">&#x6A80;&#x7D00;4292 [1959]</subfield>
  </datafield>
  <datafield tag="999" ind1=" " ind2=" ">
    <subfield code="c">35309</subfield>
    <subfield code="d">35309</subfield>
  </datafield>
</record>
